| 000 | 00636nam a2200241 a 4500 | ||
|---|---|---|---|
| 001 | 0001-1347 | ||
| 003 | ELIB.Books | ||
| 008 | 150914 2010 eng | ||
| 020 | _a0310986974 | ||
| 035 | _a(ELIB.Books)0001-1502 | ||
| 092 |
_a242 _bPow |
||
| 100 | _aPowers, Margret Fishback. | ||
| 245 | _aThe Footprints Book of Prayers | ||
| 260 |
_aGrand Rapids _bThe Gift Group of Zondervan _c2000 |
||
| 300 | _c18.5 Cm | ||
| 500 | _aDr. Min Oo | ||
| 650 | _aDevotional | ||
| 856 |
_nKBTS: Library _uKBTS: Elib |
||
| 942 |
_2ddc _cBK |
||
| 990 | _a3 | ||
| 998 |
_cbat _e2015-09-14 _mcat _u2019-06-12 |
||
| 999 |
_c11347 _d11347 |
||